Hombre de la esquina rosada y otros cuentos

Guardat en:
Dades bibliogràfiques
Autor principal: Borges, Jorge Luis (autor)
Format: Llibre
Idioma:espanyol
Publicat: Santiago Andrés Bello 1984
Edició:2a. ed
Col·lecció:Club de lectores Andrés Bello, 62
Matèries:
Etiquetes: Afegir etiqueta
Sense etiquetes, Sigues el primer a etiquetar aquest registre!

MARC

LEADER 00000nam a2200000 a 4500
001 UCH4046
003 CL-VaPUC
008 090818e19840000CL |||||||||||||||||spa|d
082 0 4 |a Ar863  |b BOR  |2 21 
100 |a Borges, Jorge Luis  |e autor  |9 322093 
245 1 0 |a Hombre de la esquina rosada y otros cuentos 
250 |a 2a. ed 
300 |a 110 p 
942 |c BK 
945 |d 20090818 00:00:00  |a ccalabra 
260 |a Santiago  |b Andrés Bello  |c 1984 
650 0 |a Literatura latinoamericana  |9 309997 
650 0 |a Novela latinoamericana  |9 316003 
650 0 |a Ficción   |9 376687 
650 0 |a Literatura contemporánea   |9 321959 
651 0 |a Argentina  |9 254888 
583 |a last modification  |c 20090818 00:00:00  |k Rodrigo Vera 
490 0 |a Club de lectores Andrés Bello, 62 
999 |c 335400  |d 335398